| 000 | 01148cam a2200337 i 4500 | ||
|---|---|---|---|
| 001 | 200441592 | ||
| 003 | TR-AnTOB | ||
| 005 | 20260106141410.0 | ||
| 007 | ta | ||
| 008 | 850426s1961 nyu b 000 0 eng d | ||
| 040 |
_aDLC/ICU _beng _erda _cCGU _dm.c _dTR-AnTOB |
||
| 041 | 0 | _aeng | |
| 050 | 0 |
_aTN260 _b.J6 1961 |
|
| 090 |
_aTOBBK TN260 _b.J6 1961 |
||
| 100 | 1 |
_aJohnstone, Sydney J. _q(Sydney James) _eauthor _9131081 |
|
| 245 | 1 | 0 |
_aMinerals for the chemical and allied industries / _c[by] Sydney J. Johnstone and Margery G. Johnstone |
| 250 | _a2d ed | ||
| 264 | 1 |
_aLondon : _bChapman and Hall, _c1961. |
|
| 300 |
_a788 pages ; _c23 cm |
||
| 336 |
_atext _btxt _2rdacontent |
||
| 337 |
_aunmediated _bn _2rdamedia |
||
| 338 |
_avolume _bnc _2rdacarrier |
||
| 650 | 0 |
_aMines and mineral resources _9115714 |
|
| 650 | 0 |
_aMineralogy _9115712 |
|
| 650 | 0 |
_aChemical industry _931935 |
|
| 700 | 1 |
_aJohnstone, Margery G. _9131083 |
|
| 856 | 4 | 1 |
_uhttps://catalog.hathitrust.org/api/volumes/oclc/3155343.html _zView online at HathiTrust Digital Library |
| 942 |
_2z _cBK |
||
| 999 |
_c200441592 _d59804 |
||